00651 2200229 4500001002100000005001700021008004100038020002200079035002400101082001200125090001900137100002200156245006600178260004300244300002200287490002500309650001600334700001700350990001800367990001800385990001800403YOGYA-0411000000234820110428085732.0 ind  a979-979-026-344-4 0010-041100000002348 a297.382 a297.382bRid D aRIDHA, Abu Nabiel aDoa-doa penenang jiwa / Abu Nabiel Ridha ; editor Aat Hidayat aYogjakartabPustaka Insan Madanic2009 aix,110 hlmc15 cm aSeri Doa-doa Pilihan aDoa (Islam) aHidayat, Aat a51905-PD/B.10 a51906-PD/B.10 a51907-PD/B.10